[Event "RSA-ch"]
[Site "Cape Town"]
[Date "2017.12.17"]
[Round "9"]
[White "Ovcina, Dennis"]
[Black "Barrish, Daniel"]
[Result "0-1"]
[WhiteElo "2164"]
[BlackElo "2242"]
[PlyCount "80"]
[EventDate "2017.12.09"]
[EventType "tourn"]
[EventRounds "11"]
[EventCountry "RSA"]
[SourceTitle "CBM 182 Extra"]
[Source "ChessBase"]
[SourceDate "2018.02.23"]
[SourceVersion "1"]
[SourceVersionDate "2018.02.23"]
[SourceQuality "1"]

1. Nf3 Nf6 2. g3 g6 3. c4 b6 4. Bg2 Bb7 5. 0-0 Bg7 6. Nc3 0-0 7. d4 Ne4 8. Nxe4 Bxe4 9. Be3 d6 10. Qd2 Re8 11. Bh6 Nd7 12. Bxg7 Kxg7 13. Rac1 Qc8 14. Rfd1 Qb7 15. Bh3 Nf6 16. Ne1 Bc6 17. d5 Bd7 18. Bg2 Rac8 19. Nd3 c6 20. Nb4 c5 21. Nd3 b5 22. b3 bxc4 23. bxc4 Bf5 24. Rb1 Qa6 25. Rb5 Rb8 26. Qb2 Rxb5 27. cxb5 Qa4 28. Re1 Rb8 29. e4 Rxb5 30. Qa1 Bc8 31. e5 dxe5 32. Nxe5 Qc2 33. Bf1 Rb2 34. Nd3 Rxa2 35. Qe5 Ba6 36. Rc1 Qd2 37. Qe3 Bxd3 38. Bxd3 Qxe3 39. fxe3 Rd2 40. Bc4 Nxd5 0-1

[Event "RSA-ch"]
[Site "Cape Town"]
[Date "2017.12.13"]
[Round "5"]
[White "Klaasen, Calvin Jong"]
[Black "Ovcina, Dennis"]
[Result "1/2-1/2"]
[WhiteElo "2311"]
[BlackElo "2164"]
[PlyCount "43"]
[EventDate "2017.12.09"]
[EventType "tourn"]
[EventRounds "11"]
[EventCountry "RSA"]
[SourceTitle "CBM 182 Extra"]
[Source "ChessBase"]
[SourceDate "2018.02.23"]
[SourceVersion "1"]
[SourceVersionDate "2018.02.23"]
[SourceQuality "1"]

1. d4 Nf6 2. c4 c6 3. Nf3 g6 4. Nc3 d5 5. Bf4 Bg7 6. e3 0-0 7. cxd5 cxd5 8. h3 Nc6 9. Be2 Ne4 10. Rc1 Qa5 11. a3 Re8 12. 0-0 Nxc3 13. Rxc3 Qb6 14. b4 Bf5 15. b5 e5 16. dxe5 Nxe5 17. Nxe5 Bxe5 18. Bxe5 Rxe5 19. Qd2 d4 20. exd4 Rd5 21. Rd1 Rad8 22. Qe3 1/2-1/2

[Event "Africa KCF Inv tt"]
[Site "Brakpan"]
[Date "2017.10.08"]
[Round "6.1"]
[White "Pon, Matt"]
[Black "Ovcina, Dennis"]
[Result "1/2-1/2"]
[WhiteElo "2171"]
[BlackElo "2205"]
[PlyCount "37"]
[EventDate "2017.10.05"]
[EventType "team-tourn"]
[EventRounds "7"]
[EventCountry "RSA"]
[SourceTitle "CBM 181 Extra"]
[Source "ChessBase"]
[SourceDate "2017.12.12"]
[SourceVersion "1"]
[SourceVersionDate "2017.12.12"]
[SourceQuality "1"]
[WhiteTeam "RSA Inv III"]
[BlackTeam "ChessExcellence"]
[WhiteTeamCountry "RSA"]
[BlackTeamCountry "RSA"]

1. c4 e5 2. Nc3 Nf6 3. Nf3 Nc6 4. g3 Bb4 5. Bg2 0-0 6. 0-0 Bxc3 7. dxc3 d6 8. Nd2 Be6 9. e4 Qd7 10. Re1 Bh3 11. Nf1 Bxg2 12. Kxg2 Qe6 13. Qe2 Ne7 14. Bg5 h6 15. Bxf6 Qxf6 16. Qg4 Rad8 17. Ne3 g6 18. Rad1 h5 19. Qf3 1/2-1/2

[Event "Africa KCF Inv tt"]
[Site "Brakpan"]
[Date "2017.10.06"]
[Round "3.1"]
[White "Ovcina, Dennis"]
[Black "Van Zyl Rudd, Jack"]
[Result "1/2-1/2"]
[WhiteElo "2205"]
[BlackElo "2165"]
[PlyCount "45"]
[EventDate "2017.10.05"]
[EventType "team-tourn"]
[EventRounds "7"]
[EventCountry "RSA"]
[SourceTitle "CBM 181 Extra"]
[Source "ChessBase"]
[SourceDate "2017.12.12"]
[SourceVersion "1"]
[SourceVersionDate "2017.12.12"]
[SourceQuality "1"]
[WhiteTeam "ChessExcellence"]
[BlackTeam "SA Emerging Players"]
[WhiteTeamCountry "RSA"]
[BlackTeamCountry "RSA"]

1. f4 Nf6 2. Nf3 g6 3. b3 Bg7 4. Bb2 0-0 5. g3 d5 6. Bg2 c5 7. e3 Nc6 8. Ne5 Qc7 9. Nxc6 Qxc6 10. 0-0 Bg4 11. Qe1 Qe6 12. Be5 Bh3 13. Qe2 Bxg2 14. Qxg2 Ne4 15. Bxg7 Kxg7 16. d3 Nd6 17. Qf2 h5 18. Nd2 h4 19. e4 hxg3 20. hxg3 Rh8 21. Qg2 Qg4 22. Qf3 Qh3 23. Qg2 1/2-1/2

[Event "Africa KCF Inv tt"]
[Site "Brakpan"]
[Date "2017.10.05"]
[Round "1.1"]
[White "Kabwe, Timothy"]
[Black "Ovcina, Dennis"]
[Result "1/2-1/2"]
[WhiteElo "2206"]
[BlackElo "2205"]
[PlyCount "56"]
[EventDate "2017.10.05"]
[EventType "team-tourn"]
[EventRounds "7"]
[EventCountry "RSA"]
[SourceTitle "CBM 181 Extra"]
[Source "ChessBase"]
[SourceDate "2017.12.12"]
[SourceVersion "1"]
[SourceVersionDate "2017.12.12"]
[SourceQuality "1"]
[WhiteTeam "Zambia"]
[BlackTeam "ChessExcellence"]
[WhiteTeamCountry "ZAM"]
[BlackTeamCountry "RSA"]

1. d4 Nf6 2. Nf3 g6 3. Bg5 Bg7 4. e3 0-0 5. Nbd2 d6 6. Bc4 Nbd7 7. 0-0 e5 8. c3 Qe8 9. h3 e4 10. Nh2 h6 11. Bh4 Nb6 12. Bb3 Bf5 13. Qe2 g5 14. Bg3 Bg6 15. f4 exf3 16. Qxf3 Kh8 17. Rae1 Ne4 18. Nxe4 Bxe4 19. Bxf7 Bxf3 20. Bxe8 Bxg2 21. Rxf8+ Bxf8 22. Kxg2 Rxe8 23. e4 Bg7 24. Nf3 Nd7 25. Kf2 Kh7 26. Ke3 Kg6 27. Kd3 Rf8 28. Ke3 Re8 1/2-1/2

[Event "Pretoria Capablanca"]
[Site "Pretoria"]
[Date "2016.05.02"]
[Round "9"]
[White "Ovcina, Dennis"]
[Black "Klaasen, Calvin Jong"]
[Result "1/2-1/2"]
[WhiteElo "2214"]
[BlackElo "2202"]
[PlyCount "75"]
[EventDate "2016.04.26"]
[EventType "tourn"]
[EventRounds "9"]
[EventCountry "RSA"]
[EventCategory "2"]
[SourceTitle "CBM 172 Extra"]
[Source "ChessBase"]
[SourceDate "2016.06.21"]
[SourceVersion "1"]
[SourceVersionDate "2016.06.21"]
[SourceQuality "1"]

1. d4 Nf6 2. Nf3 e6 3. g3 c5 4. Bg2 cxd4 5. Nxd4 d5 6. 0-0 e5 7. Nb3 Be6 8. c4 Nc6 9. cxd5 Bxd5 10. Nc3 Bxg2 11. Kxg2 Bb4 12. Qc2 0-0 13. Rd1 Qe7 14. Bg5 Bxc3 15. Qxc3 Rac8 16. Qf3 Rfd8 17. Rac1 h6 18. Bxf6 Qxf6 19. Qxf6 gxf6 20. g4 Kf8 21. Kf3 Ke7 22. Ke4 Rxd1 23. Rxd1 Nb4 24. Rc1 Rxc1 25. Nxc1 Ke6 26. e3 b6 27. h4 Nd5 28. Ne2 Ne7 29. Ng3 a6 30. a3 b5 31. b4 Nd5 32. Nf5 Nc3+ 33. Kd3 Nb1 34. Nxh6 Ke7 35. Ng8+ Kf8 36. Nxf6 Nxa3 37. Nd7+ Kg7 38. Ke4 1/2-1/2

[Event "Pretoria Capablanca"]
[Site "Pretoria"]
[Date "2016.05.01"]
[Round "8"]
[White "Phiri, Richmond"]
[Black "Ovcina, Dennis"]
[Result "1-0"]
[WhiteElo "2323"]
[BlackElo "2214"]
[PlyCount "61"]
[EventDate "2016.04.26"]
[EventType "tourn"]
[EventRounds "9"]
[EventCountry "RSA"]
[EventCategory "2"]
[SourceTitle "CBM 172 Extra"]
[Source "ChessBase"]
[SourceDate "2016.06.21"]
[SourceVersion "1"]
[SourceVersionDate "2016.06.21"]
[SourceQuality "1"]

1. d4 Nf6 2. Nf3 g6 3. c4 Bg7 4. Nc3 0-0 5. e4 d6 6. Be2 Na6 7. 0-0 e5 8. Re1 Qe8 9. Bf1 Bg4 10. d5 Nb4 11. Be2 a5 12. Be3 Na6 13. b3 Bd7 14. a3 Nc5 15. Nd2 h5 16. f3 h4 17. Qc2 Nh5 18. b4 Na4 19. Nb5 Bxb5 20. cxb5 axb4 21. axb4 Nb6 22. Qxc7 Rxa1 23. Rxa1 Nc8 24. Qxb7 Nf4 25. Bf1 Bh6 26. Nc4 f5 27. Qc6 Qd8 28. b6 fxe4 29. b7 Ne7 30. Ra8 Nfxd5 31. Qb5 1-0

[Event "Johannesburg Tsogo Sun op"]
[Site "Johannesburg"]
[Date "2015.07.17"]
[Round "5"]
[White "Hoek, Cornelis"]
[Black "Ovcina, Dennis"]
[Result "1/2-1/2"]
[WhiteElo "1948"]
[BlackElo "2233"]
[PlyCount "55"]
[EventDate "2015.07.15"]
[EventType "swiss"]
[EventRounds "9"]
[EventCountry "RSA"]
[SourceTitle "CBM 167 Extra"]
[Source "ChessBase"]
[SourceDate "2015.09.14"]
[SourceVersion "1"]
[SourceVersionDate "2015.09.14"]
[SourceQuality "1"]

1. Nf3 Nf6 2. d4 g6 3. c4 Bg7 4. g3 0-0 5. Bg2 c6 6. Nc3 d6 7. 0-0 Qb6 8. Qc2 Na6 9. a3 Bg4 10. Rd1 Bf5 11. e4 Nxe4 12. Nxe4 d5 13. Ne5 dxe4 14. Bxe4 Bxe5 15. dxe5 Bxe4 16. Qxe4 Nc5 17. Qc2 Qb3 18. Qxb3 Nxb3 19. Rb1 Rfd8 20. Bg5 Kf8 21. Kf1 Ke8 22. Be3 c5 23. Ke2 b6 24. f4 f6 25. exf6 exf6 26. Rd3 Na5 27. b3 Nc6 28. Rbd1 1/2-1/2

[Event "Johannesburg Tsogo Sun op"]
[Site "Johannesburg"]
[Date "2015.07.16"]
[Round "2"]
[White "Ovcina, Dennis"]
[Black "Bezuidenhout, Roland Reinhold"]
[Result "1/2-1/2"]
[WhiteElo "2233"]
[BlackElo "2003"]
[PlyCount "61"]
[EventDate "2015.07.15"]
[EventType "swiss"]
[EventRounds "9"]
[EventCountry "RSA"]
[SourceTitle "CBM 167 Extra"]
[Source "ChessBase"]
[SourceDate "2015.09.14"]
[SourceVersion "1"]
[SourceVersionDate "2015.09.14"]
[SourceQuality "1"]

1. Nf3 d5 2. g3 g6 3. Bg2 Bg7 4. 0-0 e5 5. d3 Ne7 6. Nbd2 Nbc6 7. e4 0-0 8. Re1 a5 9. exd5 Nxd5 10. Nc4 Re8 11. Bg5 f6 12. Bd2 Be6 13. a4 Ndb4 14. Na3 Qd7 15. Nb5 Rad8 16. Bc3 Qf7 17. Re2 Bd5 18. Qe1 Bh6 19. Na3 Re7 20. Rd1 Rde8 21. Bd2 Bxf3 22. Bxf3 Nd4 23. Bg2 Nxe2+ 24. Qxe2 Bxd2 25. Rxd2 f5 26. Nc4 e4 27. dxe4 fxe4 28. Ne3 c6 29. Qd1 Nd5 30. Qe2 Nb4 31. Ng4 1/2-1/2

[Event "Pretoria Capablanca"]
[Site "Pretoria"]
[Date "2015.04.29"]
[Round "1"]
[White "Toma, Katarzyna"]
[Black "Ovcina, Dennis"]
[Result "0-1"]
[WhiteElo "2299"]
[BlackElo "2228"]
[PlyCount "70"]
[EventDate "2015.04.29"]
[EventType "tourn"]
[EventRounds "9"]
[EventCountry "RSA"]
[SourceTitle "EXT 2016"]
[Source "ChessBase"]
[SourceDate "2015.10.08"]
[SourceVersion "1"]
[SourceVersionDate "2015.10.08"]
[SourceQuality "1"]

1. e4 c5 2. Nf3 Nc6 3. d4 cxd4 4. Nxd4 e6 5. Nxc6 bxc6 6. Bd3 Nf6 7. 0-0 e5 8. c4 Be7 9. Nc3 0-0 10. b3 Bb7 11. Qe2 d5 12. exd5 cxd5 13. Qxe5 Bd6 14. Qe2 Re8 15. Qd1 dxc4 16. Bxc4 Qc7 17. g3 Qc6 18. f3 Be5 19. Qc2 Ng4 20. Bd2 Bd4+ 21. Kg2 Re3 22. Qf5 Bxc3 23. Qxf7+ Kh8 24. Bxc3 Rxc3 25. Rae1 Ne3+ 26. Kg1 Nxc4 27. bxc4 Qc5+ 28. Kh1 Bc6 29. Re7 Qd4 30. Rc7 Rc2 31. Qf5 Qxc4 32. Re1 Qxa2 33. Rc8+ Rxc8 34. Qxc8+ Qg8 35. Qf5 Rc3 0-1

[Event "Sydney op"]
[Site "Parramatta"]
[Date "2012.04.14"]
[Round "8"]
[White "Cheng, Bobby Sky"]
[Black "Ovcina, Dennis"]
[Result "1-0"]
[WhiteElo "2344"]
[BlackElo "2220"]
[PlyCount "75"]
[EventDate "2012.04.11"]
[EventType "swiss"]
[EventRounds "9"]
[EventCountry "AUS"]
[SourceTitle "CBM 148 Extra"]
[Source "ChessBase"]
[SourceDate "2012.06.22"]
[SourceVersion "1"]
[SourceVersionDate "2012.06.22"]
[SourceQuality "1"]

1. d4 Nf6 2. c4 g6 3. Nc3 Bg7 4. e4 d6 5. h3 0-0 6. Bg5 c5 7. d5 e6 8. Nf3 exd5 9. cxd5 Re8 10. Bd3 c4 11. Bc2 b5 12. a3 a5 13. 0-0 Ba6 14. Re1 h6 15. Bd2 Nbd7 16. Nd4 Nxd5 17. Ncxb5 Bxb5 18. Nxb5 Qb8 19. exd5 Qxb5 20. Ba4 Qxd5 21. Bxd7 Red8 22. Ba4 Bxb2 23. Bxh6 Qxd1 24. Raxd1 Bxa3 25. Bg5 Bb4 26. Re4 d5 27. Rxc4 dxc4 28. Rxd8+ Rxd8 29. Bxd8 Kg7 30. Kf1 f6 31. Ke2 g5 32. Bb5 c3 33. Kd3 Kg6 34. Bb6 f5 35. Bd4 g4 36. h4 f4 37. Bxc3 Bc5 38. Bd4 1-0

[Event "Sydney op"]
[Site "Parramatta"]
[Date "2012.04.11"]
[Round "2"]
[White "Karthikeyan, Pandian"]
[Black "Ovcina, Dennis"]
[Result "0-1"]
[WhiteElo "2414"]
[BlackElo "2220"]
[PlyCount "88"]
[EventDate "2012.04.11"]
[EventType "swiss"]
[EventRounds "9"]
[EventCountry "AUS"]
[SourceTitle "CBM 148 Extra"]
[Source "ChessBase"]
[SourceDate "2012.06.22"]
[SourceVersion "1"]
[SourceVersionDate "2012.06.22"]
[SourceQuality "1"]

1. d4 Nf6 2. c4 g6 3. Nc3 Bg7 4. e4 d6 5. f3 0-0 6. Nge2 a6 7. Be3 Nc6 8. Qd2 Rb8 9. Rc1 Bd7 10. Nd1 b5 11. c5 Ne8 12. g4 f5 13. gxf5 gxf5 14. Nf2 e5 15. Bg5 Bf6 16. Rg1 Kh8 17. d5 Ne7 18. c6 Bc8 19. Bxf6+ Nxf6 20. Qh6 Rf7 21. Nc3 Nfg8 22. Qh4 Qf8 23. Ncd1 Nh6 24. Rg5 Ng6 25. Qg3 Rg7 26. Qg1 Nf7 27. Rg3 f4 28. Rg2 Nh4 29. Ke2 Nxg2 30. Bxg2 Be6 31. dxe6 Ng5 32. Qh1 Nxe6 33. Bh3 Nd4+ 34. Kf1 Qf7 35. b3 Rbg8 36. Nc3 Rg1+ 37. Qxg1 Rxg1+ 38. Kxg1 b4 39. Kf1 bxc3 40. Rxc3 Qe8 41. Bd7 Qb8 42. Kg2 Qb4 43. Rc4 Qd2 44. Ra4 Nc2 0-1

[Event "RSA-ch 45th"]
[Site "Cape Town"]
[Date "2011.12.02"]
[Round "8"]
[White "Klaasen, Calvin Jong"]
[Black "Ovcina, Dennis"]
[Result "0-1"]
[WhiteElo "2093"]
[BlackElo "2249"]
[PlyCount "140"]
[EventDate "2011.11.26"]
[EventType "tourn"]
[EventRounds "11"]
[EventCountry "RSA"]
[SourceTitle "CBM 145 Extra"]
[Source "ChessBase"]
[SourceDate "2012.01.03"]
[SourceVersion "1"]
[SourceVersionDate "2012.01.03"]
[SourceQuality "1"]

1. d4 Nf6 2. c4 g6 3. Nc3 Bg7 4. e4 d6 5. f3 0-0 6. Nge2 a6 7. Be3 c6 8. a4 Nbd7 9. Qd2 Rb8 10. Nc1 e5 11. Be2 exd4 12. Bxd4 Ne5 13. c5 Be6 14. b3 Ned7 15. cxd6 c5 16. Be3 Ne8 17. Rb1 Nxd6 18. Nd5 Bxd5 19. Qxd5 Bc3+ 20. Kf2 Nf6 21. Qd3 Qe7 22. Rd1 Rfd8 23. Qc2 Be5 24. g3 Rbc8 25. Kg2 b5 26. Nd3 Bd4 27. Bxd4 cxd4 28. Qb2 Nb7 29. axb5 axb5 30. Rbc1 Na5 31. Ra1 Nc6 32. Rdc1 Re8 33. Qd2 Ne5 34. Rxc8 Rxc8 35. Rc1 Rxc1 36. Nxc1 Qc5 37. b4 Qb6 38. Nb3 Nc6 39. g4 Ne8 40. Nc5 Nd6 41. Qa2 Qd8 42. Qd5 Nxb4 43. Qxd4 Nc6 44. Qd5 Nb4 45. Qd2 Nc6 46. Qd5 Ne7 47. Qd4 Qb6 48. Ne6 Qxd4 49. Nxd4 b4 50. Kf2 g5 51. e5 Nb7 52. Ke3 Nc5 53. Bc4 Kf8 54. Kd2 Ng6 55. e6 Ne5 56. Bd5 fxe6 57. Bxe6 Ke7 58. Bg8 h6 59. Kc2 Kf6 60. Bd5 Ned3 61. Nf5 Ke5 62. Bg8 Ne1+ 63. Kb2 Nxf3 64. Nxh6 Nxh2 65. Bc4 Kf4 66. Be2 Ke3 67. Bc4 Nf3 68. Nf7 Kf4 69. Be2 Nd4 70. Bd1 Nd3+ 0-1

[Event "RSA-ch 45th"]
[Site "Cape Town"]
[Date "2011.12.01"]
[Round "7"]
[White "Ovcina, Dennis"]
[Black "Van Rensburg, Ryan Pierre"]
[Result "0-1"]
[WhiteElo "2249"]
[BlackElo "2103"]
[PlyCount "58"]
[EventDate "2011.11.26"]
[EventType "tourn"]
[EventRounds "11"]
[EventCountry "RSA"]
[SourceTitle "CBM 145 Extra"]
[Source "ChessBase"]
[SourceDate "2012.01.03"]
[SourceVersion "1"]
[SourceVersionDate "2012.01.03"]
[SourceQuality "1"]

1. c4 Nf6 2. Nc3 Nc6 3. g3 e5 4. Bg2 Bb4 5. Nd5 Nxd5 6. cxd5 Ne7 7. Nf3 Ng6 8. 0-0 0-0 9. e4 d6 10. d3 f5 11. Ng5 f4 12. h4 Qf6 13. Ne6 Bxe6 14. dxe6 Bc5 15. Qg4 h5 16. Qxh5 fxg3 17. Bg5 Bxf2+ 18. Kh1 Qxe6 19. Rac1 c6 20. b3 Rf7 21. Rc2 Raf8 22. b4 Nf4 23. Qd1 g6 24. Rb2 Kg7 25. a4 Rh8 26. Rbxf2 gxf2 27. Rxf2 Nxg2 28. Rxg2 Qh3+ 29. Kg1 Rhf8 0-1

[Event "RSA-ch 45th"]
[Site "Cape Town"]
[Date "2011.11.27"]
[Round "3"]
[White "Ovcina, Dennis"]
[Black "Klaver, Cornelis"]
[Result "1-0"]
[WhiteElo "2249"]
[BlackElo "2098"]
[PlyCount "63"]
[EventDate "2011.11.26"]
[EventType "tourn"]
[EventRounds "11"]
[EventCountry "RSA"]
[SourceTitle "CBM 145 Extra"]
[Source "ChessBase"]
[SourceDate "2012.01.03"]
[SourceVersion "1"]
[SourceVersionDate "2012.01.03"]
[SourceQuality "1"]

1. d4 Nf6 2. Nf3 b5 3. e3 a6 4. c4 c6 5. b3 d5 6. Bd3 g6 7. Nbd2 Bg7 8. Qc2 0-0 9. Bb2 Re8 10. 0-0 Nbd7 11. Rad1 Bb7 12. e4 dxe4 13. Nxe4 Nxe4 14. Bxe4 Qb6 15. Ne5 Rad8 16. f4 f5 17. Bf3 Bxe5 18. c5 Bxd4+ 19. Bxd4 Qc7 20. Qc3 Nf6 21. Be5 Qc8 22. Bxf6 Rxd1 23. Rxd1 exf6 24. Qxf6 Qe6 25. Qc3 Kf7 26. Kf2 Qf6 27. Rd7+ Re7 28. Qd2 Qe6 29. Rd6 Qc8 30. Qd4 Qe8 31. Rd8 Re4 32. Bxe4 1-0

[Event "RSA-ch 45th"]
[Site "Cape Town"]
[Date "2011.11.27"]
[Round "2"]
[White "Van den Heever, Donovan"]
[Black "Ovcina, Dennis"]
[Result "1/2-1/2"]
[WhiteElo "2287"]
[BlackElo "2249"]
[PlyCount "49"]
[EventDate "2011.11.26"]
[EventType "tourn"]
[EventRounds "11"]
[EventCountry "RSA"]
[SourceTitle "CBM 145 Extra"]
[Source "ChessBase"]
[SourceDate "2012.01.03"]
[SourceVersion "1"]
[SourceVersionDate "2012.01.03"]
[SourceQuality "1"]

1. e4 c6 2. d4 g6 3. Nc3 d5 4. h3 Bg7 5. Nf3 Nf6 6. e5 Ne4 7. Nxe4 dxe4 8. Ng5 c5 9. Bc4 0-0 10. e6 f6 11. Nxe4 b5 12. Be2 cxd4 13. Bf3 Nc6 14. 0-0 Qb6 15. Re1 Bb7 16. Bf4 Rad8 17. Qd2 a5 18. h4 Ne5 19. Bxe5 fxe5 20. Qg5 Bxe4 21. Rxe4 Qxe6 22. h5 gxh5 23. Qxh5 Qg6 24. Qxg6 hxg6 25. Be2 1/2-1/2

[Event "Commonwealth-ch RSA op"]
[Site "Gauteng"]
[Date "2011.06.27"]
[Round "4"]
[White "Ovcina, Dennis"]
[Black "Short, Nigel D"]
[Result "0-1"]
[WhiteElo "2248"]
[BlackElo "2682"]
[PlyCount "70"]
[EventDate "2011.06.25"]
[EventType "swiss"]
[EventRounds "11"]
[EventCountry "RSA"]
[SourceTitle "CBM 143 Extra"]
[Source "ChessBase"]
[SourceDate "2011.08.29"]
[SourceVersion "1"]
[SourceVersionDate "2011.08.29"]
[SourceQuality "1"]

1. d4 e6 2. c4 b6 3. Nc3 Bb4 4. Nf3 Bb7 5. Bg5 Nf6 6. e3 h6 7. Bxf6 Bxc3+ 8. bxc3 Qxf6 9. Bd3 0-0 10. 0-0 d6 11. Nd2 e5 12. Qg4 Qe7 13. Qf5 g6 14. Qh3 h5 15. Bc2 f5 16. Rae1 Kg7 17. f3 Nc6 18. Kh1 Na5 19. d5 Rae8 20. Bd3 c6 21. g4 hxg4 22. fxg4 e4 23. Be2 Bc8 24. gxf5 Rxf5 25. Rxf5 Bxf5 26. Bg4 Rh8 27. Qg2 Qh4 28. Bxf5 Qxe1+ 29. Nf1 Rh6 30. Kg1 Qxc3 31. Bxe4 c5 32. Qg4 Nxc4 33. Qd7+ Kh8 34. Bd3 Ne5 35. Be4 Nxd7 0-1